Central Library OPAC University of Rajshahi

[Aristotelous Analytika] = (Record no. 30450)

MARC details
000 -LEADER
fixed length control field 01206cam a2200349 a 4500
001 - CONTROL NUMBER
control field 30450
003 - CONTROL NUMBER IDENTIFIER
rucl marc code BD-RjUL
005 - DATE AND TIME OF LATEST TRANSACTION
control field 20211209051551.0
008 - FIXED-LENGTH DATA ELEMENTS--GENERAL INFORMATION
fixed length control field 140410s1949 enk b 001 0 grc d
035 ## - SYSTEM CONTROL NUMBER
System control number CURL 05UH40011818(Lon) from rajwc89
System control number (OCoLC)863445556
-- (BD-RjUL)30536
040 ## - CATALOGING SOURCE
Original cataloging agency UkOxU
Language of cataloging eng
Transcribing agency UkOxU
Modifying agency BD-RjUL
041 0# - LANGUAGE CODE
Language code of text/sound track or separate title eng
-- grc
082 04 - DEWEY DECIMAL CLASSIFICATION NUMBER
Classification number 160
Author mark and year ARA 1949
100 0# - MAIN ENTRY--PERSONAL NAME
Personal name Aristotle.
9 (RLIN) 92522
245 10 - TITLE STATEMENT
Title [Aristotelous Analytika] =
Remainder of title Aristotle's Prior and Posterior analytics /
Statement of responsibility, etc. a revised text with introduction and commentary by W.D. Ross.
246 31 - VARYING FORM OF TITLE
Title proper/short title Aristotle's Prior and Posterior analytics
Title proper/short title Prior and posterior analytics.
260 ## - PUBLICATION, DISTRIBUTION, ETC. (IMPRINT)
Place of publication, distribution, etc. Oxford :
Name of publisher, distributor, etc. Clarendon Press,
Date of publication, distribution, etc. 1949.
300 ## - PHYSICAL DESCRIPTION
Pagination x, 690 p., 1 folded leaf ;
Size 23 cm.
504 ## - BIBLIOGRAPHY, ETC. NOTE
Bibliography, etc Bibliography: p. [ix]-x.
Bibliography, etc Includes indexes.
600 00 - SUBJECT ADDED ENTRY--PERSONAL NAME
Personal name Aristotle.
Personal name Aristotle.
Personal name Aristotle.
650 #0 - SUBJECT ADDED ENTRY--TOPICAL TERM
Topical term or geographic name as entry element Logic, Ancient.
9 (RLIN) 92526
Topical term or geographic name as entry element Philosophy
Geographic subdivision Greece.
9 (RLIN) 92527
700 02 - ADDED ENTRY--PERSONAL NAME
Personal name Aristotle.
Personal name Ross, W. D.
Fuller form of name (William David),
Dates associated with a name 1877-1971.
942 ## - ADDED ENTRY ELEMENTS (KOHA)
Source of classification or shelving scheme Dewey Decimal Classification
Koha item type Books
Holdings
Lost status Source of classification or shelving scheme Damaged status Not for loan Permanent Location Current Location Shelving location Date acquired Source of acquisition Cost, normal purchase price Total Checkouts Full call number Date last seen Copy number Koha item type Collection code
  Dewey Decimal Classification   Not For Loan Central Library, University of Rajshahi Central Library, University of Rajshahi Reading Room 09/08/1955 O. U. P 21.00   160 ARA 1949 10/04/2014 C-1 Books  
  Dewey Decimal Classification     Central Library, University of Rajshahi Central Library, University of Rajshahi   09/09/1970 Zaitlinger 63.00   160 ARA 1949 03/08/2016 C-2 Books Non-fiction